000 00488nam a2200181Ia 4500
005 20250508160843.0
008 008 250505s9999 xx 000 0 hin d
037 _aTextual
040 _aFEDL
_beng
_cFEDL
041 _ahin
_2hin
084 _aFH, CHO
_qFEDL
100 _aChauhan Vijay
_9399432
245 0 _aEk butshikan ka janam
260 _aDelhi, India
_bNational Publishing House
_c1972
300 _a143p
942 _cTEXL
_hFH, CHO
999 _c1367002
_d1367002